Rethinking everything : personal growth through transactional analysis / (Record no. 71525)

000 -LEADER
fixed length control field 01238cam a2200301 i 4500
001 - CONTROL NUMBER
control field 18495833
003 - CONTROL NUMBER IDENTIFIER
control field NUST - PNEC
005 - DATE AND TIME OF LATEST TRANSACTION
control field 20170116181203.0
008 - FIXED-LENGTH DATA ELEMENTS--GENERAL INFORMATION
fixed length control field 150218s2015 mdu b 001 0 eng
010 ## - LIBRARY OF CONGRESS CONTROL NUMBER
LC control number 2015000453
020 ## - INTERNATIONAL STANDARD BOOK NUMBER
International Standard Book Number 9781475808780 (cloth : alk. paper)
020 ## - INTERNATIONAL STANDARD BOOK NUMBER
International Standard Book Number 9781475808797 (pbk. : alk. paper)
040 ## - CATALOGING SOURCE
Original cataloging agency DLC
Language of cataloging eng
Transcribing agency LIBRARY
Description conventions rda
Modifying agency DLC
042 ## - AUTHENTICATION CODE
Authentication code pcc
050 00 - LIBRARY OF CONGRESS CALL NUMBER
Classification number BF637.S4
Item number B745 2015
082 00 - DEWEY DECIMAL CLASSIFICATION NUMBER
Classification number 158 BRI
Edition number 23
100 1# - MAIN ENTRY--PERSONAL NAME
Personal name Bright, Neil,
Dates associated with a name 1949-
245 10 - TITLE STATEMENT
Title Rethinking everything : personal growth through transactional analysis /
Statement of responsibility, etc. Neil Bright.
260 ## - PUBLICATION, DISTRIBUTION, ETC.
Place of publication, distribution, etc. U.S.A.
Name of publisher, distributor, etc. Rowman & Littlefield;
Date of publication, distribution, etc. c2015.
300 ## - PHYSICAL DESCRIPTION
Extent xvi, 217 pages ;
Dimensions 23 cm
504 ## - BIBLIOGRAPHY, ETC. NOTE
Bibliography, etc. note Includes bibliographical references and index.
650 #0 - SUBJECT ADDED ENTRY--TOPICAL TERM
Topical term or geographic name entry element Self-actualization (Psychology)
General subdivision General
650 #0 - SUBJECT ADDED ENTRY--TOPICAL TERM
Topical term or geographic name entry element Transactional analysis.
856 ## - ELECTRONIC LOCATION AND ACCESS
Uniform Resource Identifier <a href="http://www.amazon.com/Rethinking-Everything-Personal-Transactional-Analysis/dp/1475808798/ref=sr_1_1?s=books&ie=UTF8&qid=1455784928&sr=1-1&keywords=9781475808797">http://www.amazon.com/Rethinking-Everything-Personal-Transactional-Analysis/dp/1475808798/ref=sr_1_1?s=books&ie=UTF8&qid=1455784928&sr=1-1&keywords=9781475808797</a>
906 ## - LOCAL DATA ELEMENT F, LDF (RLIN)
a 7
b cbc
c orignew
d 1
e ecip
f 20
g y-gencatlg
942 ## - ADDED ENTRY ELEMENTS (KOHA)
Source of classification or shelving scheme
Koha item type Book
Holdings
Withdrawn status Lost status Source of classification or shelving scheme Materials specified (bound volume or other part) Damaged status Not for loan Permanent Location Current Location Date acquired Source of acquisition Cost, normal purchase price Total Checkouts Full call number Barcode Date last seen Cost, replacement price Price effective from Koha item type
      paperback     Pakistan Navy Engineering College (PNEC) Pakistan Navy Engineering College (PNEC) 12/07/2015 Siddiqui Enterprises/Reference grant 2893.00   158 BRI PNECLIB-032419 02/18/2016 2893.00 12/07/2015 Book
© 2023 Central Library, National University of Sciences and Technology. All Rights Reserved.